[Event "EU-ch 8th"]
[Site "Dresden"]
[Date "2007.04.14"]
[Round "11"]
[White "Schlawin, Marlon"]
[Black "Borriss, Martin"]
[Result "0-1"]
[WhiteElo "2306"]
[BlackElo "2463"]
[PlyCount "113"]
[EventDate "2007.04.03"]
[EventType "swiss"]
[EventRounds "11"]
[EventCountry "GER"]
[SourceTitle "CBM 118"]
[Source "ChessBase"]
[SourceDate "2007.05.31"]
[SourceVersion "1"]
[SourceVersionDate "2007.05.31"]
[SourceQuality "1"]

1. e4 c5 2. Nf3 d6 3. Bb5+ Nd7 4. 0-0 Ngf6 5. Re1 a6 6. Bf1 b6 7. d3 Bb7 8. Bg5 h6 9. Bh4 g6 10. Nbd2 Bg7 11. c3 Ne5 12. d4 Nxf3+ 13. Qxf3 cxd4 14. cxd4 0-0 15. Rad1 Rc8 16. Bd3 b5 17. Bb1 Qb6 18. Qd3 e6 19. f3 Nh5 20. Bf2 Qd8 21. g3 Nf6 22. h4 h5 23. Be3 Re8 24. b4 Re7 25. Nb3 Rec7 26. Rc1 Nd7 27. f4 f5 28. d5 Nf6 29. Rxc7 Qxc7 30. Rc1 Qd8 31. Rxc8 Qxc8 32. exf5 exf5 33. Bd4 Nxd5 34. Bxg7 Kxg7 35. Bc2 Nxb4 36. Qd4+ Kh7 37. Qxd6 Qc6 38. Qxc6 Bxc6 39. Bb1 Bd5 40. Kf2 Bxb3 41. axb3 Nd5 42. Ke1 Kg7 43. Kd2 Kf6 44. Kd3 Ke6 45. Kd4 Kd6 46. Bd3 Ne7 47. Kc3 Nc6 48. b4 Ne7 49. Be2 Nd5+ 50. Kb3 Nf6 51. Bf3 Ne4 52. Bxe4 fxe4 53. Kc3 Kd5 54. Kd2 Kd4 55. Ke2 e3 56. Kd1 Kd3 57. Ke1 0-1

[Event "EU-ch 8th"]
[Site "Dresden"]
[Date "2007.04.13"]
[Round "10"]
[White "Borriss, Martin"]
[Black "Dinger, Florian"]
[Result "1/2-1/2"]
[WhiteElo "2463"]
[BlackElo "2317"]
[PlyCount "124"]
[EventDate "2007.04.03"]
[EventType "swiss"]
[EventRounds "11"]
[EventCountry "GER"]
[SourceTitle "CBM 118"]
[Source "ChessBase"]
[SourceDate "2007.05.31"]
[SourceVersion "1"]
[SourceVersionDate "2007.05.31"]
[SourceQuality "1"]

1. e4 c5 2. Nf3 d6 3. d4 cxd4 4. Nxd4 Nf6 5. Nc3 a6 6. Be3 e5 7. Nb3 Be6 8. f4 exf4 9. Bxf4 Nc6 10. Qe2 Be7 11. h3 Nd7 12. 0-0-0 Nce5 13. Nd4 0-0 14. Nf5 Rc8 15. Qd2 Bxf5 16. exf5 Nb6 17. Nd5 Nxd5 18. Qxd5 Bg5 19. g3 Qf6 20. Qd2 Qxf5 21. Bxg5 Rxc2+ 22. Qxc2 Rc8 23. Rh2 Qxg5+ 24. Kb1 Rxc2 25. Rxc2 h5 26. Rc3 Qf5+ 27. Ka1 b5 28. a3 g5 29. Bg2 Kg7 30. Ka2 Nc4 31. Bd5 Qxh3 32. Bxc4 bxc4 33. Rxd6 h4 34. gxh4 Qxh4 35. Rxa6 g4 36. Rxc4 Qg5 37. Raa4 Qd5 38. Ka1 Qd1+ 39. Ka2 f5 40. Rd4 Qe2 41. Rd6 Qe7 42. Rad4 Qf7+ 43. R4d5 Qh5 44. Rc5 Qf7+ 45. Rcd5 g3 46. Rd7 g2 47. Rxf7+ Kxf7 48. Rxf5+ Kg6 49. Rf8 Kg7 50. Rc8 g1Q 51. Rc3 Qd4 52. a4 Qxa4+ 53. Kb1 Kf6 54. Rf3+ Ke5 55. Re3+ Kd4 56. Rc3 Qa6 57. Ra3 Qf1+ 58. Ka2 Qf7+ 59. Kb1 Kc4 60. Rc3+ Kb4 61. Ra3 Qf5+ 62. Ka2 Qd5+ 1/2-1/2

[Event "EU-ch 8th"]
[Site "Dresden"]
[Date "2007.04.05"]
[Round "3"]
[White "Borriss, Martin"]
[Black "Kersten, Uwe"]
[Result "0-1"]
[WhiteElo "2463"]
[BlackElo "2292"]
[PlyCount "78"]
[EventDate "2007.04.03"]
[EventType "swiss"]
[EventRounds "11"]
[EventCountry "GER"]
[SourceTitle "CBM 118"]
[Source "ChessBase"]
[SourceDate "2007.05.31"]
[SourceVersion "1"]
[SourceVersionDate "2007.05.31"]
[SourceQuality "1"]

1. e4 e5 2. Nf3 Nc6 3. Bb5 a6 4. Ba4 Nf6 5. 0-0 Nxe4 6. d4 exd4 7. Re1 d5 8. Nxd4 Bd6 9. Nxc6 Bxh2+ 10. Kf1 Qh4 11. Be3 0-0 12. Nd4 Bg4 13. Nf3 Qh5 14. Ke2 c5 15. c3 Bc7 16. Rh1 Qf5 17. Bc2 Qe6 18. Nbd2 f5 19. Kf1 Rae8 20. Nb3 b6 21. Qe1 Qf6 22. Qc1 f4 23. Bd2 h6 24. Bd1 a5 25. a4 Bc8 26. Be2 Kh8 27. Bb5 Re7 28. Qd1 Nd6 29. Be2 Rfe8 30. Nc1 Rxe2 31. Nxe2 Ba6 32. Nfg1 f3 33. gxf3 Rxe2 34. Nxe2 Qxf3 35. Rg1 Ne4 36. Be3 Bg3 37. Qe1 Bh2 38. Rc1 Ng3+ 39. Rxg3 Qh1+ 0-1

[Event "Bundesliga 0607"]
[Site "Germany"]
[Date "2007.03.31"]
[Round "14.5"]
[White "Borriss, Martin"]
[Black "Ribli, Zoltan"]
[Result "1/2-1/2"]
[WhiteElo "2455"]
[BlackElo "2584"]
[PlyCount "77"]
[EventDate "2006.10.28"]
[EventType "team-tourn"]
[EventRounds "15"]
[EventCountry "GER"]
[SourceTitle "CBM 118"]
[Source "ChessBase"]
[SourceDate "2007.05.31"]
[SourceVersion "1"]
[SourceVersionDate "2007.05.31"]
[SourceQuality "1"]
[WhiteTeam "Berlin SF"]
[BlackTeam "Tegernsee"]
[WhiteTeamCountry "GER"]
[BlackTeamCountry "GER"]

1. e4 c5 2. Nf3 e6 3. d4 cxd4 4. Nxd4 a6 5. Nc3 Qc7 6. Bd3 Nc6 7. Be3 Nf6 8. 0-0 Ne5 9. Nf3 Neg4 10. Bd2 d6 11. a3 Be7 12. h3 Ne5 13. Nxe5 dxe5 14. b4 0-0 15. Qe2 Bd7 16. Nd1 Rfd8 17. c4 Bc6 18. Bc3 Nh5 19. g3 Nf6 20. Nb2 b6 21. Bc2 Bb7 22. Rfd1 h6 23. Rxd8+ Rxd8 24. Rd1 Rc8 25. f3 a5 26. Qe1 axb4 27. axb4 b5 28. Bd3 Ba6 29. cxb5 Bxb5 30. Bxb5 Qb6+ 31. Kg2 Qxb5 32. Nd3 Nd7 33. h4 Qc4 34. Bxe5 Qb3 35. Bd4 Rc2+ 36. Bf2 Qa2 37. Ra1 Qb3 38. Rd1 Nb6 39. Rd2 1/2-1/2

[Event "Bundesliga 0607"]
[Site "Germany"]
[Date "2007.03.18"]
[Round "13.3"]
[White "Borriss, Martin"]
[Black "Nisipeanu, Liviu Dieter"]
[Result "0-1"]
[WhiteElo "2455"]
[BlackElo "2690"]
[PlyCount "80"]
[EventDate "2006.10.28"]
[EventType "team-tourn"]
[EventRounds "15"]
[EventCountry "GER"]
[SourceTitle "CBM 118"]
[Source "ChessBase"]
[SourceDate "2007.05.31"]
[SourceVersion "1"]
[SourceVersionDate "2007.05.31"]
[SourceQuality "1"]
[WhiteTeam "Berlin SF"]
[BlackTeam "Baden-Baden"]
[WhiteTeamCountry "GER"]
[BlackTeamCountry "GER"]

1. e4 e5 2. Nf3 Nc6 3. Bb5 a6 4. Ba4 Nf6 5. 0-0 Be7 6. Re1 b5 7. Bb3 d6 8. c3 0-0 9. h3 Na5 10. Bc2 c5 11. d4 Qc7 12. a3 Nc4 13. b3 Nb6 14. Nbd2 Bd7 15. Nf1 Rfe8 16. Ng3 c4 17. b4 a5 18. Bg5 h6 19. Be3 Bf8 20. Qd2 Ra6 21. Rad1 axb4 22. axb4 Rea8 23. Nh2 Ra2 24. f4 R8a3 25. dxe5 dxe5 26. fxe5 Qxe5 27. Bxb6 Qxg3 28. Bd4 Nh5 29. Nf1 Qg6 30. Re3 Be7 31. Qf2 Bg5 32. Rf3 Bc6 33. Re1 Nf4 34. Rxf4 Bxf4 35. Re2 Rxc2 36. Rxc2 Bxe4 37. Ra2 Bxg2 38. Rxa3 Be4+ 39. Ng3 Bxg3 40. Qe2 Bh2+ 0-1

[Event "Bundesliga 0607"]
[Site "Germany"]
[Date "2006.10.29"]
[Round "2.5"]
[White "Borriss, Martin"]
[Black "Firman, Nazar"]
[Result "0-1"]
[WhiteElo "2455"]
[BlackElo "2495"]
[PlyCount "64"]
[EventDate "2006.10.28"]
[EventType "team-tourn"]
[EventRounds "15"]
[EventCountry "GER"]
[SourceTitle "EXT 2007"]
[Source "ChessBase"]
[SourceDate "2006.11.23"]
[SourceVersion "1"]
[SourceVersionDate "2006.11.23"]
[SourceQuality "1"]
[WhiteTeam "Berlin SF"]
[BlackTeam "Katernberg"]
[WhiteTeamCountry "GER"]
[BlackTeamCountry "GER"]

1. e4 e6 2. d4 d5 3. Nc3 Nc6 4. Nf3 Nf6 5. e5 Ne4 6. Bd3 Bb4 7. Bd2 Nxd2 8. Qxd2 Bd7 9. a3 Be7 10. 0-0 a6 11. Ne2 Nxd4 12. Nexd4 c5 13. c3 cxd4 14. Nxd4 Bc5 15. Rad1 Rc8 16. Bb1 Qb6 17. Qg5 Qxb2 18. Qxg7 Rf8 19. Bxh7 Qxc3 20. Nf3 Bb5 21. Ng5 Bxf1 22. Rxf1 Bd6 23. Nf3 Be7 24. h4 Qc4 25. h5 Qf4 26. h6 Kd7 27. a4 Rfd8 28. Rb1 Rc1+ 29. Rxc1 Qxc1+ 30. Kh2 Qf4+ 31. Kh3 Bf8 32. Ng1 Ra8 0-1

[Event "Bundesliga 0506"]
[Site "Germany"]
[Date "2006.04.01"]
[Round "14.3"]
[White "Roeber, Bjoern"]
[Black "Borriss, Martin"]
[Result "1/2-1/2"]
[WhiteElo "2310"]
[BlackElo "2424"]
[PlyCount "83"]
[EventDate "2005.10.21"]
[EventType "team-tourn"]
[EventRounds "15"]
[EventCountry "GER"]
[SourceTitle "EXT 2007"]
[Source "ChessBase"]
[SourceDate "2006.11.23"]
[SourceVersion "1"]
[SourceVersionDate "2006.11.23"]
[SourceQuality "1"]
[WhiteTeam "Leipzig Gohlis"]
[BlackTeam "Neukoelln"]
[WhiteTeamCountry "GER"]
[BlackTeamCountry "GER"]

1. d4 Nf6 2. c4 g6 3. Nf3 Bg7 4. g3 0-0 5. Bg2 d6 6. 0-0 Nc6 7. Nbd2 e5 8. d5 Ne7 9. Ne1 Nd7 10. Nd3 f5 11. e4 c6 12. f3 a5 13. Nb1 Qb6+ 14. Kh1 Qd4 15. Na3 fxe4 16. fxe4 Rxf1+ 17. Qxf1 Nf6 18. Nf2 Ng4 19. Nxg4 Bxg4 20. Nc2 Qb6 21. b3 Rf8 22. Qd3 c5 23. a4 Kh8 24. Be3 Ng8 25. Rf1 Rxf1+ 26. Bxf1 Bh6 27. Bxh6 Nxh6 28. Qe3 Kg7 29. Na3 Qb4 30. Nc2 Qb6 31. Na3 Nf7 32. Bg2 Qd8 33. h3 Bd7 34. Kh2 Qf6 35. Nc2 b6 36. Qf3 h5 37. Qxf6+ Kxf6 38. Ne1 Ng5 39. h4 Nf7 40. Bh3 Bxh3 41. Kxh3 g5 42. Kg2 1/2-1/2

[Event "Bundesliga 0506"]
[Site "Germany"]
[Date "2006.03.12"]
[Round "13.4"]
[White "Borriss, Martin"]
[Black "Tompa, Janos"]
[Result "1/2-1/2"]
[WhiteElo "2424"]
[BlackElo "2408"]
[PlyCount "91"]
[EventDate "2005.10.21"]
[EventType "team-tourn"]
[EventRounds "15"]
[EventCountry "GER"]
[SourceTitle "CBM 112"]
[Source "ChessBase"]
[SourceDate "2006.06.07"]
[SourceVersion "1"]
[SourceVersionDate "2006.06.07"]
[SourceQuality "1"]
[WhiteTeam "Neukoelln"]
[BlackTeam "Kirchheim"]
[WhiteTeamCountry "GER"]
[BlackTeamCountry "GER"]

1. e4 c5 2. Nf3 e6 3. d4 cxd4 4. Nxd4 Nc6 5. Nc3 Qc7 6. Be2 a6 7. 0-0 Nf6 8. Be3 Bb4 9. Na4 Be7 10. Nxc6 bxc6 11. Nb6 Rb8 12. Nxc8 Qxc8 13. Bd4 c5 14. Be5 Rb6 15. b3 0-0 16. Qd3 d6 17. Bb2 Nd7 18. Rad1 Bf6 19. Bc1 Ne5 20. Qg3 Qb7 21. f4 Nc6 22. c3 Qc7 23. h4 Qe7 24. h5 h6 25. Rf3 Bh4 26. Qg4 e5 27. g3 Bf6 28. Qf5 Re8 29. Bc4 Nd8 30. Bd5 exf4 31. gxf4 Ne6 32. Rdf1 Nc7 33. Re3 Nxd5 34. exd5 Qd8 35. Rfe1 Rxe3 36. Rxe3 Rb7 37. Kf2 a5 38. Kf3 Re7 39. Rxe7 Qxe7 40. Qc8+ Kh7 41. Qf5+ Kg8 42. Bd2 Qe8 43. a4 Qb8 44. Qd7 Qxb3 45. Qc8+ Kh7 46. Qf5+ 1/2-1/2

[Event "Bundesliga 0506"]
[Site "Germany"]
[Date "2006.01.29"]
[Round "9.6"]
[White "Rau, Hannes"]
[Black "Borriss, Martin"]
[Result "0-1"]
[WhiteElo "2421"]
[BlackElo "2424"]
[PlyCount "100"]
[EventDate "2005.10.21"]
[EventType "team-tourn"]
[EventRounds "15"]
[EventCountry "GER"]
[SourceTitle "CBM 111"]
[Source "ChessBase"]
[SourceDate "2006.04.04"]
[SourceVersion "1"]
[SourceVersionDate "2006.04.04"]
[SourceQuality "1"]
[WhiteTeam "Eppingen"]
[BlackTeam "Neukoelln"]
[WhiteTeamCountry "GER"]
[BlackTeamCountry "GER"]

1. d4 Nf6 2. c4 g6 3. Nc3 Bg7 4. e4 d6 5. Nf3 0-0 6. Be2 e5 7. 0-0 Na6 8. Re1 c6 9. Bf1 Bg4 10. d5 Ne8 11. h3 Bd7 12. c5 cxd5 13. Bxa6 bxa6 14. Nxd5 dxc5 15. Be3 Rc8 16. Rc1 c4 17. b3 Nd6 18. Bxa7 Be6 19. bxc4 Nxc4 20. Qd3 Bxd5 21. exd5 Nb2 22. Qe2 Rxc1 23. Rxc1 e4 24. Qxe4 Re8 25. Qg4 Qxd5 26. Rc8 Rd8 27. Bd4 Bxd4 28. Nxd4 h5 29. Rxd8+ Qxd8 30. Qe4 Qf6 31. Nf3 Nd1 32. Qd4 Qxd4 33. Nxd4 Nc3 34. a3 Kg7 35. Kf1 Kf6 36. f4 Ke7 37. Kf2 Kd6 38. f5 g5 39. g4 h4 40. Kf3 Kd5 41. Nc2 a5 42. Ke3 Kc4 43. f6 Nd5+ 44. Ke4 Nxf6+ 45. Kf5 Nh7 46. Ne1 Kb3 47. Nf3 Kxa3 48. Ne5 a4 49. Nxf7 Kb4 50. Ne5 Kc3 0-1

[Event "Bundesliga 0506"]
[Site "Germany"]
[Date "2005.10.23"]
[Round "2.5"]
[White "Borriss, Martin"]
[Black "Saltaev, Mihail"]
[Result "0-1"]
[WhiteElo "2424"]
[BlackElo "2498"]
[PlyCount "124"]
[EventDate "2005.10.21"]
[EventType "team-tourn"]
[EventRounds "15"]
[EventCountry "GER"]
[SourceTitle "CBM 110"]
[Source "ChessBase"]
[SourceDate "2006.01.31"]
[SourceVersion "1"]
[SourceVersionDate "2006.01.31"]
[SourceQuality "1"]
[WhiteTeam "Neukoelln"]
[BlackTeam "Muelheim Nord"]
[WhiteTeamCountry "GER"]
[BlackTeamCountry "GER"]

1. e4 c6 2. d4 d5 3. e5 Bf5 4. Be3 Qb6 5. Qc1 e6 6. c4 Bxb1 7. Rxb1 Bb4+ 8. Kd1 dxc4 9. Bxc4 Qd8 10. Nf3 Ne7 11. a3 Ba5 12. Ke2 Nf5 13. Qc2 Bb6 14. Rbd1 Nxe3 15. fxe3 Nd7 16. Rhf1 Qe7 17. Qe4 0-0-0 18. b4 Kb8 19. Qg4 h6 20. Nd2 f5 21. Qf3 g5 22. Nb3 Rhe8 23. Rb1 g4 24. Qf2 Ka8 25. Rfc1 h5 26. Nc5 Bxc5 27. bxc5 Nf8 28. Rb4 Ng6 29. Rcb1 Rd7 30. Ke1 Qg5 31. g3 h4 32. Bf1 hxg3 33. hxg3 Qd8 34. Bg2 Ne7 35. Qb2 Qc8 36. Qb3 Nd5 37. Bxd5 exd5 38. Kd2 Rh8 39. Qd3 Rf7 40. Rf1 Rh3 41. Rg1 Qh8 42. Kc3 f4 43. gxf4 Rxf4 44. Rb2 Re4 45. Re2 Rf3 46. Qd2 Qh6 47. Kc2 b6 48. cxb6 axb6 49. Rb1 c5 50. dxc5 Qc6 51. Kb2 Qb5+ 52. Ka2 Qxc5 53. Qd3 Ka7 54. Rh2 Rf7 55. Rb5 Rxe3 56. Rxc5 Rxd3 57. Rc6 g3 58. Rb2 Rff3 59. Rbxb6 Rxa3+ 60. Kb2 g2 61. Rg6 g1Q 62. Rxg1 Kxb6 0-1

[Event "Bundesliga 0506"]
[Site "Germany"]
[Date "2005.10.22"]
[Round "1.5"]
[White "Glek, Igor Vladimirovich"]
[Black "Borriss, Martin"]
[Result "1/2-1/2"]
[WhiteElo "2566"]
[BlackElo "2424"]
[PlyCount "95"]
[EventDate "2005.10.21"]
[EventType "team-tourn"]
[EventRounds "15"]
[EventCountry "GER"]
[SourceTitle "CBM 110"]
[Source "ChessBase"]
[SourceDate "2006.01.31"]
[SourceVersion "1"]
[SourceVersionDate "2006.01.31"]
[SourceQuality "1"]
[WhiteTeam "Katernberg"]
[BlackTeam "Neukoelln"]
[WhiteTeamCountry "GER"]
[BlackTeamCountry "GER"]

1. d4 Nf6 2. Nf3 e6 3. e3 b6 4. Bd3 Bb7 5. 0-0 d5 6. b3 Nbd7 7. Bb2 Bd6 8. Ne5 0-0 9. f4 Ne4 10. c4 f6 11. Nxd7 Qxd7 12. Nd2 Nxd2 13. Qxd2 f5 14. Rac1 Qe7 15. c5 bxc5 16. dxc5 Bxc5 17. Bxg7 Kxg7 18. Qc3+ Kf7 19. Qxc5 Qxc5 20. Rxc5 c6 21. Rfc1 Rfc8 22. b4 Ke7 23. Kf2 Kd6 24. Ra5 Rc7 25. h3 h6 26. g4 fxg4 27. hxg4 Rg8 28. Rxa7 Rxg4 29. Rh1 Rcg7 30. Bf1 R4g6 31. Rh5 c5 32. bxc5+ Kxc5 33. Bh3 Kd6 34. Ke1 Rc7 35. Kd2 Bc8 36. Rxc7 Kxc7 37. Kd3 Kd6 38. Kd4 Ba6 39. Re5 Bc8 40. Rh5 Bd7 41. Rh4 Bb5 42. Rg4 Rxg4 43. Bxg4 Be8 44. e4 dxe4 45. Kxe4 h5 46. Bh3 Bc6+ 47. Ke3 e5 48. fxe5+ 1/2-1/2

[Event "EU-Cup 21st"]
[Site "Saint Vincent"]
[Date "2005.09.23"]
[Round "6.2"]
[White "Borriss, Martin"]
[Black "Gallagher, Joseph G"]
[Result "1-0"]
[WhiteElo "2424"]
[BlackElo "2544"]
[PlyCount "135"]
[EventDate "2005.09.18"]
[EventType "team-swiss"]
[EventRounds "7"]
[EventCountry "ITA"]
[SourceTitle "CBM 110"]
[Source "ChessBase"]
[SourceDate "2006.01.31"]
[SourceVersion "1"]
[SourceVersionDate "2006.01.31"]
[SourceQuality "1"]
[WhiteTeam "Berlin SF"]
[BlackTeam "Biel"]
[WhiteTeamCountry "GER"]
[BlackTeamCountry "SUI"]

1. e4 c5 2. Nf3 d6 3. d4 cxd4 4. Nxd4 Nf6 5. Nc3 a6 6. Be3 e5 7. Nb3 Be6 8. f4 exf4 9. Bxf4 Nc6 10. Qe2 Be7 11. h3 Ne5 12. 0-0-0 Nfd7 13. Nd4 g6 14. Nd5 Bxd5 15. exd5 Qa5 16. Kb1 Bf6 17. g4 h5 18. Rg1 hxg4 19. hxg4 Kf8 20. g5 Bg7 21. Rg3 Kg8 22. Ra3 Qd8 23. Rh3 Nb6 24. Rxh8+ Bxh8 25. Bc1 Rc8 26. Qh2 Bg7 27. Bh3 Rc4 28. Ne6 Qe8 29. Rh1 fxe6 30. Bxe6+ Nf7 31. Qh7+ Kf8 32. Rf1 Rc7 33. Qxg6 Nc4 34. c3 Nce5 35. Qf5 Qb5 36. g6 Rxc3 37. Bxf7 Qd3+ 38. Qxd3 Rxd3 39. Be6+ Ke8 40. Bc8 Rg3 41. Bxb7 a5 42. Ba6 Rxg6 43. Bd2 a4 44. Bb5+ Ke7 45. Bxa4 Nc4 46. Re1+ Kd8 47. Bc1 Rg2 48. Bb5 Nb6 49. a4 Kc7 50. Re7+ Kd8 51. Rb7 Bd4 52. Bc6 Nc4 53. Rb4 Nd2+ 54. Ka2 Bc5 55. Bxd2 Rxd2 56. Rb7 Rd4 57. a5 Rb4 58. Rf7 Kc8 59. b3 Re4 60. Kb2 Re3 61. a6 Re2+ 62. Kc3 Ra2 63. b4 Be3 64. Kc4 Kb8 65. Kb5 Ra1 66. Rd7 Kc8 67. Rxd6 Rb1 68. Re6 1-0

[Event "EU-Cup 21st"]
[Site "Saint Vincent"]
[Date "2005.09.22"]
[Round "5.2"]
[White "Borriss, Martin"]
[Black "Lindfeldt, Jan Magnus"]
[Result "1-0"]
[WhiteElo "2424"]
[BlackElo "2293"]
[PlyCount "87"]
[EventDate "2005.09.18"]
[EventType "team-swiss"]
[EventRounds "7"]
[EventCountry "ITA"]
[SourceTitle "CBM 110"]
[Source "ChessBase"]
[SourceDate "2006.01.31"]
[SourceVersion "1"]
[SourceVersionDate "2006.01.31"]
[SourceQuality "1"]
[WhiteTeam "Berlin SF"]
[BlackTeam "Aarhus"]
[WhiteTeamCountry "GER"]
[BlackTeamCountry "DEN"]

1. e4 e5 2. Nf3 Nc6 3. Bb5 a6 4. Ba4 Nf6 5. 0-0 Be7 6. Re1 b5 7. Bb3 d6 8. c3 0-0 9. h3 Nb8 10. d4 Nbd7 11. Nbd2 Bb7 12. Bc2 Re8 13. Nf1 Bf8 14. Ng3 g6 15. a4 c5 16. d5 c4 17. Bg5 h6 18. Be3 Nc5 19. Qd2 Kh7 20. Nh2 Bg7 21. Rf1 Qe7 22. Rae1 Nxa4 23. Bxa4 bxa4 24. f4 exf4 25. Rxf4 Nd7 26. Ref1 Rf8 27. Bd4 Ne5 28. Ng4 Nxg4 29. Bxg7 Kxg7 30. Rxg4 Kh7 31. Rgf4 Bc8 32. Rf6 Ra7 33. Qf4 Qe5 34. Rxd6 Qxf4 35. Rxf4 Rb7 36. Rxa6 Rxb2 37. Rxa4 f5 38. Rxc4 g5 39. Rc7+ Kg8 40. Rf2 Rb1+ 41. Kh2 f4 42. Nh5 Bb7 43. e5 f3 44. Rxf3 1-0

[Event "EU-Cup 21st"]
[Site "Saint Vincent"]
[Date "2005.09.18"]
[Round "1.2"]
[White "Naiditsch, Arkadij"]
[Black "Borriss, Martin"]
[Result "1/2-1/2"]
[WhiteElo "2612"]
[BlackElo "2424"]
[PlyCount "101"]
[EventDate "2005.09.18"]
[EventType "team-swiss"]
[EventRounds "7"]
[EventCountry "ITA"]
[SourceTitle "CBM 110"]
[Source "ChessBase"]
[SourceDate "2006.01.31"]
[SourceVersion "1"]
[SourceVersionDate "2006.01.31"]
[SourceQuality "1"]
[WhiteTeam "Eynatten"]
[BlackTeam "Berlin SF"]
[WhiteTeamCountry "BEL"]
[BlackTeamCountry "GER"]

1. e4 c5 2. Nf3 d6 3. d4 cxd4 4. Nxd4 Nf6 5. Nc3 Nc6 6. Bg5 e6 7. Qd2 a6 8. 0-0-0 Bd7 9. f3 Be7 10. h4 h6 11. Be3 h5 12. Nxc6 Bxc6 13. Bg5 Qc7 14. Ne2 Bb5 15. Kb1 d5 16. e5 Nh7 17. Bxe7 Qxe7 18. Nd4 Bxf1 19. Rhxf1 Nf8 20. f4 g6 21. Qa5 Rc8 22. Qb6 Rc4 23. Qb3 b5 24. Qe3 Nd7 25. Nf3 Qc5 26. Qd2 b4 27. Ng5 Qc7 28. b3 Rc3 29. Qd4 a5 30. f5 gxf5 31. Rxf5 Rf8 32. Rff1 Qxe5 33. Qa7 Qc7 34. Qf2 Nc5 35. Rde1 Qe7 36. Qe2 Ne4 37. Nxe4 dxe4 38. Qxe4 Rg8 39. Rd1 Rc8 40. Qh7 Rxg2 41. Qh8+ Qf8 42. Qxh5 Rgxc2 43. Qb5+ R2c6 44. Qd3 Qg7 45. Rg1 Qc3 46. Rg8+ Ke7 47. Qd7+ Kf6 48. Rf1+ Ke5 49. Rgg1 Qc2+ 50. Ka1 Qc3+ 51. Kb1 1/2-1/2

[Event "Bundesliga 0405"]
[Site "Germany"]
[Date "2005.03.12"]
[Round "12.4"]
[White "Borriss, Martin"]
[Black "Appel, Ralf"]
[Result "0-1"]
[WhiteElo "2439"]
[BlackElo "2507"]
[PlyCount "108"]
[EventDate "2004.11.12"]
[EventType "team-tourn"]
[EventRounds "15"]
[EventCountry "GER"]
[SourceTitle "CBM 106"]
[Source "ChessBase"]
[SourceDate "2005.06.06"]
[SourceVersion "1"]
[SourceVersionDate "2005.06.06"]
[SourceQuality "1"]
[WhiteTeam "Neukoelln"]
[BlackTeam "Wattenscheid"]
[WhiteTeamCountry "GER"]
[BlackTeamCountry "GER"]

1. e4 Nf6 2. e5 Nd5 3. d4 d6 4. c4 Nb6 5. exd6 exd6 6. Nc3 Be7 7. Be2 0-0 8. Nf3 c6 9. 0-0 Bg4 10. Qd3 Na6 11. a3 Nc7 12. h3 Bh5 13. b3 Re8 14. Be3 d5 15. c5 Nd7 16. b4 Ne6 17. g4 Bg6 18. Qd2 f5 19. Ne1 f4 20. Bxf4 Nxf4 21. Qxf4 Bg5 22. Qg3 Qf6 23. Rd1 Bf4 24. Qf3 Nf8 25. Bd3 Ne6 26. Bxg6 hxg6 27. Nd3 Ng5 28. Qg2 Bc7 29. Ne1 Ne6 30. Ne2 Nxc5 31. dxc5 Rxe2 32. Nf3 Rf8 33. Rd3 Qe7 34. Rfd1 Rf4 35. Rd4 Qf6 36. Rxf4 Qxf4 37. Rd4 Re4 38. Rxe4 dxe4 39. Nh2 e3 40. fxe3 Qxe3+ 41. Kh1 Qxa3 42. Nf3 Qa1+ 43. Qg1 Qxg1+ 44. Kxg1 Kf7 45. Kf2 Ke6 46. Ke3 Kd5 47. Kd3 Bd8 48. Nd2 a5 49. bxa5 Bxa5 50. Ne4 Bd8 51. Nd6 b5 52. Nf7 Be7 53. g5 Ke6 54. Nh8 Kf5 0-1

[Event "Bundesliga 0405"]
[Site "Germany"]
[Date "2005.02.13"]
[Round "11.4"]
[White "Vaganian, Rafael A"]
[Black "Borriss, Martin"]
[Result "1-0"]
[WhiteElo "2640"]
[BlackElo "2439"]
[PlyCount "99"]
[EventDate "2004.11.12"]
[EventType "team-tourn"]
[EventRounds "15"]
[EventCountry "GER"]
[SourceTitle "CBM 106"]
[Source "ChessBase"]
[SourceDate "2005.06.06"]
[SourceVersion "1"]
[SourceVersionDate "2005.06.06"]
[SourceQuality "1"]
[WhiteTeam "Koeln Porz"]
[BlackTeam "Neukoelln"]
[WhiteTeamCountry "GER"]
[BlackTeamCountry "GER"]

1. d4 Nf6 2. Nf3 g6 3. c4 Bg7 4. g3 0-0 5. Bg2 d6 6. Nc3 Nc6 7. 0-0 a6 8. h3 Bd7 9. e4 e5 10. dxe5 dxe5 11. Re1 Qc8 12. Kh2 Be6 13. Nd5 Nd7 14. Be3 h6 15. b4 Kh7 16. Rc1 Qd8 17. b5 Na5 18. a4 axb5 19. axb5 c6 20. b6 cxd5 21. cxd5 Bxh3 22. Bxh3 Nxb6 23. Qd3 f5 24. Bc5 fxe4 25. Qxe4 Qxd5 26. Bxf8 Rxf8 27. Kg2 Nb3 28. Qxd5 Nxd5 29. Rcd1 e4 30. Ne5 Nc3 31. Rd7 Nc5 32. Rc7 b6 33. Re7 Nd5 34. Ra7 Re8 35. Nc4 h5 36. Nd6 Re7 37. Rxe7 Nxe7 38. Nxe4 Nxe4 39. Rxe4 Nd5 40. Be6 Nc3 41. Rc4 Kh6 42. Rc6 Ne4 43. Bf5 Nf6 44. Bd3 b5 45. Rb6 b4 46. Bb1 b3 47. Rxb3 Bf8 48. Rb6 Kg7 49. Kf3 Bc5 50. Rb5 1-0

[Event "Bundesliga 0405"]
[Site "Germany"]
[Date "2005.01.30"]
[Round "9.4"]
[White "Borriss, Martin"]
[Black "Schebler, Gerhard"]
[Result "0-1"]
[WhiteElo "2439"]
[BlackElo "2496"]
[PlyCount "140"]
[EventDate "2004.11.12"]
[EventType "team-tourn"]
[EventRounds "15"]
[EventCountry "GER"]
[SourceTitle "CBM 106"]
[Source "ChessBase"]
[SourceDate "2005.06.06"]
[SourceVersion "1"]
[SourceVersionDate "2005.06.06"]
[SourceQuality "1"]
[WhiteTeam "Neukoelln"]
[BlackTeam "Muelheim Nord"]
[WhiteTeamCountry "GER"]
[BlackTeamCountry "GER"]

1. e4 e5 2. Nf3 Nc6 3. Bb5 Nf6 4. Qe2 Bd6 5. 0-0 0-0 6. c3 Re8 7. d3 h6 8. Nbd2 Bf8 9. Re1 d6 10. Nf1 Bd7 11. a3 Na5 12. Bxd7 Qxd7 13. N3d2 Nc6 14. Ng3 d5 15. Qf3 d4 16. c4 a5 17. Nf5 Qe6 18. g3 g6 19. Nh4 a4 20. Qe2 Qh3 21. Qf1 Qxf1+ 22. Kxf1 Nd7 23. Ke2 Be7 24. Ng2 Nc5 25. Rb1 Kg7 26. Rf1 Ra6 27. Ne1 Na5 28. Nc2 f5 29. f3 Re6 30. Nb4 c6 31. Nc2 Bg5 32. h4 Be3 33. Na1 f4 34. g4 Ra8 35. b4 axb3 36. Ndxb3 Naxb3 37. Nxb3 Na4 38. Bd2 Bxd2 39. Kxd2 Nc3 40. Ra1 b5 41. Rfc1 bxc4 42. dxc4 Re7 43. Nc5 Rea7 44. Rc2 Kf6 45. Rb2 Na4 46. Nxa4 Rxa4 47. Rb6 Rxc4 48. Rc1 Rxc1 49. Kxc1 Rxa3 50. Rxc6+ Kf7 51. Rc7+ Kf8 52. Rc5 Rxf3 53. Rxe5 Rg3 54. g5 hxg5 55. hxg5 f3 56. Re6 Rxg5 57. Rf6+ Ke7 58. Rxf3 Ke6 59. Rf8 Rg2 60. Re8+ Kd6 61. e5+ Kd7 62. Ra8 Ke6 63. Re8+ Kf5 64. e6 Re2 65. e7 Kf6 66. Rd8 Rxe7 67. Rxd4 g5 68. Kd2 Kf5 69. Ra4 g4 70. Rb4 g3 0-1